000 00362nam a2200133Ia 4500
008 240624s9999 xx 000 0 und d
041 _aeng
082 _a005.758 GAR
100 _aGARCIA MARCI FROHOCK
245 _aMICROSOFT SQL SERVER 2000 ADMINISTRATOR
260 _c2004
_aNew Delhi
_bPrentice-Hall of India
300 _axxix, : 1131 : cm. ; 24
365 _cRS
999 _c2211
_d2211